书目信息 |
| 题名: |
大学英语四六级考试辅导系列
|
|
| 作者: | 阮琳 , 吴哗 编著 | |
| 分册: | 四级阅读 | |
| 出版信息: | 北京 世界图书出版公司北京公司 2004.08 |
|
| 页数: | 334页, [1] 叶图版 | |
| 开本: | 20cm | |
| 丛书名: | ||
| 单 册: | ||
| 中图分类: | H310.42 | |
| 科图分类: | ||
| 主题词: | 英语--ying yu--阅读教学--高等学校--教学参考资料 , 英语--ying yu--高等学校--教学参考资料 | |
| 电子资源: | ||
| ISBN: | 7-5062-6918-X | |
| 000 | 01249nam0 2200289 450 | |
| 001 | 012006644272 | |
| 005 | 20061205111858.42 | |
| 010 | @a7-5062-6918-X@dCNY13.00 | |
| 100 | @a20061101d2004 km y0chiy0120 ea | |
| 101 | 0 | @achi@aeng |
| 102 | @aCN@b110000 | |
| 105 | @aaf z 000yy | |
| 200 | 1 | @a大学英语四六级考试辅导系列@Ada xue ying yu si liu ji kao shi fu dao xi lie@i四级阅读@d= GET-4 reading@f阮琳, 吴哗编著@Fruan lin,wu hua bian zhu@zeng |
| 210 | @a北京@c世界图书出版公司北京公司@d2004.08 | |
| 215 | @a334页, [1] 叶图版@c图@d20cm | |
| 300 | @a由国家英语考试中心专家审定 | |
| 312 | @a分辑英文题名取自封面。 | |
| 330 | @a本书是一批对四六级有独特见解、观点和经验的资深学者有组织地结合到一起,用近乎狂热的态度将四六级的知识点掠夺到HIFI王国,呈现给同样狂热的学习者。在HIFI王国中,你可以疯狂地汲取养分以满足你永无止境的求知欲望。深信,在这里你会获得知识、快乐、成功。本书是英语四级阅读的参考资料。 | |
| 510 | 1 | @aGET-4 reading@zeng |
| 517 | 1 | @a四级阅读@Asi ji yue du |
| 606 | 0 | @a英语@Aying yu@x阅读教学@x高等学校@j教学参考资料 |
| 606 | 0 | @a英语@Aying yu@x高等学校@j教学参考资料 |
| 690 | @aH310.42@v4 | |
| 701 | 0 | @a阮琳@Aruan lin@4编著 |
| 701 | 0 | @a吴哗@Awu hua@4编著 |
| 801 | 0 | @aCN@c20061205 |
| 905 | @a10447@dH310.42@eR865 | |
| 大学英语四六级考试辅导系列.四级阅读= GET-4 reading/阮琳, 吴哗编著.-北京:世界图书出版公司北京公司,2004.08 |
| 334页, [1] 叶图版:图;20cm |
| 由国家英语考试中心专家审定 |
| ISBN 7-5062-6918-X:CNY13.00 |
| 本书是一批对四六级有独特见解、观点和经验的资深学者有组织地结合到一起,用近乎狂热的态度将四六级的知识点掠夺到HIFI王国,呈现给同样狂热的学习者。在HIFI王国中,你可以疯狂地汲取养分以满足你永无止境的求知欲望。深信,在这里你会获得知识、快乐、成功。本书是英语四级阅读的参考资料。 |
| ● |
| 相关链接 |
|
|
|
正题名:大学英语四六级考试辅导系列
索取号:H310.42/R865
 
预约/预借
| 序号 | 登录号 | 条形码 | 馆藏地/架位号 | 状态 | 备注 |
| 1 | 225614 | 202256147 | 语言库209/209语言库 97排3列2层/ [索取号:H310.42/R865] | 在馆 | |
| 2 | 225615 | 202256156 | 语言库209/209语言库 97排3列2层/ [索取号:H310.42/R865] | 在馆 | |
| 3 | 225616 | 202256165 | 语言库209/209语言库 97排3列2层/ [索取号:H310.42/R865] | 在馆 |